000 00618nam a22001817a 4500
005 20251108165320.0
008 250721s1991 xx 000 0 ara d
082 1 4 _a923.4/عبد
100 1 _aالجندي، عبد الحليم
245 1 0 _aنجوم المحاماه في مصر و أوروبا :
_bالهلباوي - السنهوري - مصطفى مرعي - مرشال هوك - هنري روبير /
264 1 _aالقاهرة :
_bدار العارف،
_c1991.
300 _a360ص
650 1 7 _aالتراجم
650 1 7 _aالقضاة
650 1 7 _aالمحامون
942 _2ddc
_cBK
999 _c24882
_d24882